000 00435nam a22001817a 4500
005 20200520140105.0
008 200520b xxu||||| |||| 00| 0 eng d
020 _a9788174733696
041 _aeng
082 _a610.03 TYA
100 _aTyagi Amar
_95622
245 _aEncyclopedic Dictionary of Pharmacy
250 _a1'st
260 _aDelhi
_bAITBS PUBLISHERS
_c2020
300 _a591
650 _aPharmacy
_95623
942 _cBK
999 _c6336
_d6334